=LDR 00000nam 2200000 4500 =001 INLIS000000000007118 =005 20130612095154 =008 ***********************************Ind** =035 ##$$0010-061300000007118 =041 ##$$a Ind =082 ##$$a 658.04 =090 ##$$a 658.04, Zau r =100 ##$$a Zauhar, Susilo =245 ##$$a Reformasi administrasi\\, konsep, dimensi dan strategi, Susilo Zauhar =260 ##$$a 1996 $b Jakarta =300 ##$$a x, 98 hlm., 21 cm =650 ##$$a Manajemen Reformasi =850 ##$$a NBPNMAT